Counter-Strike - Tous les joueurs ayant joués pour Vitality - Statistiques

Statistiques générales
  • Ce quiz a été pris 39 fois
  • Le résultat moyen est 14 sur 16
Statistiques - réponses
Année de transfer Maps joués Rating total Meilleur Rang Pays Joueur % Correct
2018 1391 1.00 1 FR.gif apEX
100%
2023 400 1.06 1 GB.gif mezii
100%
2025 247 1.16 1 EE.gif ropz
100%
2018 1394 1.32 1 FR.gif ZywOo
100%
2023 453 1.14 1 IL.gif flameZ
97%
2022 220 1.02 1 DK.gif dupreeh
94%
2019 422 1.03 1 FR.gif shox
94%
2022 269 1.09 1 DK.gif Magisk
91%
2022 346 1.14 1 IL.gif Spinx
88%
2018 281 1.07 2 FR.gif NBK
85%
2018 578 1.00 1 FR.gif RpK
82%
2020 428 0.99 1 FR.gif misutaaaa
74%
2020 35 1.09 1 BE.gif Nivera
74%
2018 283 1.01 2 GB.gif ALEX
68%
2018 70 1.04 22 FR.gif Happy
65%
2021 134 0.92 2 FR.gif Kyojin
65%
Aucun quiz correspondant
Distribution des résultats
% des personnes avec chaque résultat
Percentile par nombre de réponses
Votre historique - résultats
Vous n’avez pas pris ce quiz